000 00500nam a22001697a 4500
020 _a0903530244
082 _a355.5414
_bCOO
100 _aCooper, Sir George
_948668
245 _aThe Bengal sappers
_cSir George Cooper
260 _aLondon :
_bThe Institution of Royal Engineers,
_c2003.
300 _a336 p. :
526 _a0
_b0
_c0
_d355_541400000000000_COO
526 _a0
_b0
_c0
_d355_541400000000000_COO
526 _a0
_b0
_c0
_d355_541400000000000_COO
650 _aMCE
_9379
942 _2ddc
_cBK
999 _c551528
_d551528